[Event "Junior Online 4NCL Division 4"]
[Site "online"]
[Date "2021.03.18"]
[EventDate "2021.03.18"]
[Round "5.22"]
[White "Warren, Archie"]
[WhiteElo "1423"]
[WhiteTeam "Farnham Fantasticos"]
[Black "Eccleston, Rowan"]
[BlackElo "1295"]
[BlackTeam "Manchester Juniors D"]
[Result "1/2-1/2"]
[PlyCount "112"]

1. d4 e6 2. Nf3 d5 3. Bf4 c5 4. e3 Nc6 5. c3 Qb6 6. Qb3 Qxb3 7. axb3 Nf6 8. Nbd2 Be7 9. Bb5 Bd7 10. O-O O-O 11. Rfe1 a6 12. Bd3 h6 13. e4 dxe4 14. Nxe4 Nxe4 15. Bxe4 Bg5 16. Bxg5 hxg5 17. dxc5 g4 18. Nd4 Nxd4 19. cxd4 f5 20. Bd3 Bc6 21. Rxe6 Rad8 22. Bc4 Bd5 23. Bxd5 Rxd5 24. Rd1 Rfd8 25. Re7 Rxd4 26. Rxd4 Rxd4 27. h3 gxh3 28. gxh3 Rd1+ 29. Kg2 Rb1 30. Rxb7 Rxb2 31. c6 Rc2 32. c7 Kh7 33. Kg3 Kg6 34. h4 Rc3+ 35. Kf4 Kf6 36. b4 Rc4+ 37. Kg3 g5 38. hxg5+ Kxg5 39. Ra7 f4+ 40. Kf3 Kf5 41. Ke2 Ke4 42. f3+ Kd5 43. Kd3 Rc1 44. Kd2 Rc6 45. Rxa6 Rxc7 46. Kd3 Rb7 47. Ra5+ Ke6 48. Kc3 Rc7+ 49. Rc5 Rh7 50. Rc6+ Ke5 51. Rc5+ Ke6 52. Kd4 Rb7 53. Rc4 Kf5 54. Rc5+ Ke6 55. Kc4 Rh7 56. Kd4 Rb7 1/2-1/2

[Event "Junior Online 4NCL Division 4"]
[Site "online"]
[Date "2021.03.18"]
[EventDate "2021.03.18"]
[Round "5.23"]
[White "Correa, Edward"]
[WhiteElo "1211"]
[WhiteTeam "Manchester Juniors D"]
[Black "Cwajna, Harrison"]
[BlackElo "983"]
[BlackTeam "Farnham Fantasticos"]
[Result "1/2-1/2"]
[PlyCount "176"]

1. d4 Nf6 2. Nf3 g6 3. Bf4 Bg7 4. e3 d5 5. Be2 c6 6. O-O Bf5 7. Bd3 Bxd3 8. Qxd3 Nbd7 9. Nc3 O-O 10. Rfe1 Nb6 11. Nd2 Nh5 12. Be5 f6 13. Bg3 Nxg3 14. fxg3 f5 15. a3 Nd7 16. Na4 Qe8 17. Nb3 b6 18. Nc3 Nf6 19. Qe2 Bh6 20. Qf2 Ng4 21. Qf3 Nxe3 22. Rxe3 Bxe3+ 23. Qxe3 Qf7 24. Rf1 Rae8 25. Nd2 Qg7 26. Nf3 e6 27. Ne5 Qc7 28. Ne2 c5 29. dxc5 Qxc5 30. Qxc5 bxc5 31. c3 Rb8 32. Nd7 Rxb2 33. Nxf8 Rxe2 34. Nd7 Re3 35. Nxc5 Rxc3 36. Nxe6 Rxa3 37. h3 Re3 38. Nc7 d4 39. Rd1 d3 40. Nd5 Rxg3 41. Kf2 f4 42. Nxf4 Rg5 43. Nxd3 Rd5 44. Ke2 Ra5 45. Rb1 Ra2+ 46. Kf3 Ra3 47. Rd1 a5 48. Kg3 a4 49. Kh2 Ra2 50. Nb4 Rb2 51. Nc6 a3 52. Rd8+ Kg7 53. Ra8 a2 54. Ne5 Kf6 55. Nc4 Rc2 56. Ra4 a1=Q 57. Rxa1 Rxc4 58. Rf1+ Kg7 59. g4 Rc3 60. Rd1 Kh6 61. Rd5 Ra3 62. Kg2 Rb3 63. h4 Ra3 64. Kf2 Rh3 65. g5+ Kh5 66. Rd7 Rxh4 67. Rxh7+ Kxg5 68. Rg7 Rg4 69. Kf3 Ra4 70. Rb7 Ra3+ 71. Kg2 Kh4 72. Rb4+ Kh5 73. Rb5+ g5 74. Kh2 Rf3 75. Kg2 Rf4 76. Rb3 Kg4 77. Rg3+ Kf5 78. Ra3 Rg4+ 79. Kf3 Rf4+ 80. Kg3 Rh4 81. Ra5+ Kg6 82. Ra6+ Kh5 83. Ra8 Kg6 84. Rg8+ Kf6 85. Rf8+ Kg7 86. Ra8 Kg6 87. Ra6+ Kf5 88. Ra4 Rxa4 1/2-1/2

[Event "Junior Online 4NCL Division 4"]
[Site "online"]
[Date "2021.03.18"]
[EventDate "2021.03.18"]
[Round "5.24"]
[White "Lumsden, Emmanuel"]
[WhiteElo "1060"]
[WhiteTeam "Farnham Fantasticos"]
[Black "Burke, Alexander"]
[BlackElo "1133"]
[BlackTeam "Manchester Juniors D"]
[Result "0-1"]
[PlyCount "100"]

1. e4 e5 2. Nf3 Nc6 3. Bc4 d6 4. Nc3 Bg4 5. d3 h6 6. b4 Nd4 7. Nxe5 dxe5 8. Qxg4 Nf6 9. Qd1 Bd6 10. Ne2 Bxb4+ 11. Bd2 Bxd2+ 12. Qxd2 O-O 13. Nxd4 Qxd4 14. c3 Qb6 15. O-O c5 16. Rab1 Qc7 17. h3 Rab8 18. Rb2 b6 19. d4 exd4 20. cxd4 Nxe4 21. Qe2 Nc3 22. Qd3 cxd4 23. Qxd4 Na4 24. Re2 Nc5 25. Rfe1 Rbd8 26. Qe3 Rde8 27. Qf3 Ne6 28. Bd3 Nd4 29. Rxe8 Nxf3+ 30. gxf3 Qd7 31. R8e7 Qxd3 32. R1e3 Qd1+ 33. Kg2 Qa4 34. a3 a5 35. Kh2 Qf4+ 36. Kg2 b5 37. R3e4 Qb8 38. R7e5 Kh7 39. a4 bxa4 40. Rxa5 Qb6 41. Raxa4 Qg6+ 42. Rg4 Qc6 43. Rac4 Qb5 44. Rb4 Qe2 45. Rbc4 f6 46. Rce4 Qd1 47. Rd4 Qb3 48. Rb4 Qf7 49. Rgd4 f5 50. Rb3 Qxb3 0-1

[Event "Junior Online 4NCL Division 4"]
[Site "online"]
[Date "2021.03.18"]
[EventDate "2021.03.18"]
[Round "5.25"]
[White "Kammin, Samuel"]
[WhiteElo "1701"]
[WhiteTeam "Farnham Fantasticos"]
[Black "Eccleston, Bryony"]
[BlackElo "1332"]
[BlackTeam "Manchester Juniors D"]
[Result "1-0"]
[PlyCount "85"]

1. d4 Nf6 2. Nf3 e6 3. c4 d5 4. g3 dxc4 5. Bg2 Nc6 6. O-O Bb4 7. Nc3 O-O 8. Bg5 h6 9. Bxf6 Qxf6 10. e3 Rd8 11. Qe2 Re8 12. Qxc4 Bd7 13. Rac1 Rad8 14. Ne4 Qe7 15. a3 Bd6 16. Rfd1 Na5 17. Qc3 Nc6 18. Ne5 f6 19. Nd3 a6 20. Nec5 Bxc5 21. Nxc5 Rb8 22. b4 Kf7 23. Nxb7 Rxb7 24. Bxc6 Ra7 25. Rd2 Rc8 26. Rdc2 Ke8 27. Bxd7+ Qxd7 28. Qc5 Kd8 29. Qxa7 f5 30. Qxa6 g6 31. Rc6 g5 32. Rxe6 h5 33. Qc6 Qxc6 34. Rexc6 Kd7 35. a4 Kd8 36. a5 Kd7 37. R1c5 Rb8 38. b5 Kc8 39. a6 Kd7 40. Rxc7+ Kd8 41. Rh7 Rb6 42. Rxf5 Kc8 43. Rf8# 1-0

[Event "Junior Online 4NCL Division 4"]
[Site "online"]
[Date "2021.03.18"]
[EventDate "2021.03.18"]
[Round "5.26"]
[White "Eccleston, Rowan"]
[WhiteElo "1295"]
[WhiteTeam "Manchester Juniors D"]
[Black "Warren, Archie"]
[BlackElo "1423"]
[BlackTeam "Farnham Fantasticos"]
[Result "0-1"]
[PlyCount "50"]

1. f4 d5 2. Nf3 c5 3. e3 g6 4. Be2 Bg7 5. O-O Nc6 6. Bb5 Bd7 7. Bxc6 Bxc6 8. Nc3 e6 9. b3 d4 10. Na4 Bxa4 11. bxa4 d3 12. Rb1 Ne7 13. Ba3 b6 14. Ne5 O-O 15. Nxd3 Nc6 16. Qf3 Qc7 17. h4 e5 18. Bb2 exf4 19. Bxg7 Kxg7 20. Nxf4 Ne5 21. Qf2 Rad8 22. Nh3 Rfe8 23. Qf6+ Kg8 24. h5 Ng4 25. Qf3 Qh2# 0-1

[Event "Junior Online 4NCL Division 4"]
[Site "online"]
[Date "2021.03.18"]
[EventDate "2021.03.18"]
[Round "5.27"]
[White "Cwajna, Harrison"]
[WhiteElo "983"]
[WhiteTeam "Farnham Fantasticos"]
[Black "Correa, Edward"]
[BlackElo "1211"]
[BlackTeam "Manchester Juniors D"]
[Result "1-0"]
[PlyCount "121"]

1. d4 Nf6 2. c4 g6 3. Nc3 Bg7 4. Nf3 d6 5. g3 O-O 6. Bg2 Qe8 7. O-O Nbd7 8. b3 e5 9. d5 e4 10. Ng5 h6 11. Nh3 Nh7 12. Bb2 Bxc3 13. Bxc3 Ndf6 14. Bxf6 Nxf6 15. e3 Bg4 16. Qc2 Qc8 17. Qc3 Nh5 18. Nf4 Nxf4 19. exf4 Bf5 20. Rfe1 Re8 21. Re3 Re7 22. Rae1 Qe8 23. Qd4 h5 24. Bxe4 Bxe4 25. Rxe4 Rxe4 26. Rxe4 Qd7 27. Qf6 Re8 28. Qd4 Rxe4 29. Qxe4 c6 30. dxc6 bxc6 31. Qd4 d5 32. cxd5 cxd5 33. Kg2 Kf8 34. Qh8+ Ke7 35. Qe5+ Qe6 36. Qc7+ Qd7 37. Qxd7+ Kxd7 38. Kf3 Kc6 39. Ke3 f6 40. Kd4 a6 41. a3 f5 42. f3 a5 43. b4 a4 44. Ke5 Kb6 45. Kxd5 Kb5 46. h3 Kb6 47. g4 h4 48. gxf5 gxf5 49. Ke5 Kb5 50. Kxf5 Kc4 51. Ke4 Kb3 52. Kd3 Kxa3 53. Kc2 Ka2 54. f5 Ka3 55. Kb1 Kxb4 56. f6 a3 57. f7 Kb3 58. f8=Q a2+ 59. Ka1 Kc3 60. Kxa2 Kd3 61. Qe7 1-0

[Event "Junior Online 4NCL Division 4"]
[Site "online"]
[Date "2021.03.18"]
[EventDate "2021.03.18"]
[Round "5.28"]
[White "Burke, Alexander"]
[WhiteElo "1133"]
[WhiteTeam "Manchester Juniors D"]
[Black "Lumsden, Emmanuel"]
[BlackElo "1060"]
[BlackTeam "Farnham Fantasticos"]
[Result "1-0"]
[PlyCount "24"]

1. e4 e5 2. Nf3 Nf6 3. Nxe5 Nc6 4. Nxc6 dxc6 5. Nc3 Bc5 6. Be2 h5 7. h3 b6 8. a3 a5 9. O-O Ng4 10. Bxg4 hxg4 11. hxg4 Qh4 12. Re1 Qh1# 1-0

[Event "Junior Online 4NCL Division 4"]
[Site "online"]
[Date "2021.03.18"]
[EventDate "2021.03.18"]
[Round "5.31"]
[White "Qiu, Calvin"]
[WhiteElo "1073"]
[WhiteTeam "Muswell Hill Knights"]
[Black "Korossy, Nandi"]
[BlackElo "1610"]
[BlackTeam "Wanstead Warriors 1"]
[Result "0-1"]
[PlyCount "52"]

1. e4 e5 2. Nf3 Nc6 3. Nc3 Nf6 4. d3 h6 5. Be3 Bb4 6. a3 Bxc3+ 7. bxc3 d6 8. d4 O-O 9. Bd3 Re8 10. O-O exd4 11. cxd4 Nxe4 12. d5 Nc3 13. Qd2 Nxd5 14. Bh7+ Kxh7 15. Qxd5 Be6 16. Qd3+ g6 17. Qd2 h5 18. Ng5+ Kg8 19. Rfe1 Ne5 20. Nxe6 Rxe6 21. Bd4 Qe7 22. Qc3 c5 23. Bxe5 Rxe5 24. Rxe5 Qxe5 25. Qd2 Qxa1+ 26. Qe1 Qxe1# 0-1

[Event "Junior Online 4NCL Division 4"]
[Site "online"]
[Date "2021.03.18"]
[EventDate "2021.03.18"]
[Round "5.32"]
[White "Demetriou, Jay"]
[WhiteElo "1519"]
[WhiteTeam "Wanstead Warriors 1"]
[Black "Bedretdinov, Ruslan"]
[BlackElo "1120"]
[BlackTeam "Muswell Hill Knights"]
[Result "1-0"]
[PlyCount "53"]

1. e4 e5 2. Nc3 Nf6 3. f4 exf4 4. Nf3 d5 5. e5 Ne4 6. d4 Nxc3 7. bxc3 Be7 8. Bxf4 Bg4 9. Bd3 Bg5 10. Qd2 Bxf4 11. Qxf4 Bxf3 12. Qxf3 O-O 13. O-O Nd7 14. Rab1 b6 15. Qxd5 c5 16. Bb5 Nb8 17. Qxa8 cxd4 18. Rbd1 Qh4 19. Bc4 dxc3 20. Bxf7+ Kh8 21. e6 Qe7 22. Bh5 Rxf1+ 23. Rxf1 Qc5+ 24. Kh1 Qc8 25. e7 g6 26. Rf8+ Qxf8 27. exf8=Q# 1-0

[Event "Junior Online 4NCL Division 4"]
[Site "online"]
[Date "2021.03.18"]
[EventDate "2021.03.18"]
[Round "5.33"]
[White "Sawyer, Charlie"]
[WhiteElo "941"]
[WhiteTeam "Muswell Hill Knights"]
[Black "Bedi, Adarsh"]
[BlackElo "1543"]
[BlackTeam "Wanstead Warriors 1"]
[Result "1-0"]
[PlyCount "71"]

1. e4 e5 2. Nf3 Nf6 3. Nc3 Nc6 4. b3 Bc5 5. Nxe5 Nxe5 6. d4 Bb4 7. Bb2 Nc6 8. f3 O-O 9. Bc4 Bxc3+ 10. Bxc3 d6 11. d5 Ne5 12. Qd2 Nxc4 13. bxc4 c6 14. g4 cxd5 15. cxd5 Ne8 16. h4 Nc7 17. Qd4 Qf6 18. Qe3 Qe7 19. g5 g6 20. Qd4 f6 21. gxf6 Qf7 22. f4 Ne8 23. e5 dxe5 24. fxe5 Bf5 25. Rf1 Bh3 26. Rf2 Bf5 27. Kd2 a5 28. Rxf5 gxf5 29. e6 Qxf6 30. Qg1+ Qg6 31. Qd4 Qf6 32. Qg1+ Qg6 33. Qd4 Qg2+ 34. Kc1 Qf1+ 35. Kb2 Qg2 36. Qh8# 1-0

[Event "Junior Online 4NCL Division 4"]
[Site "online"]
[Date "2021.03.18"]
[EventDate "2021.03.18"]
[Round "5.34"]
[White "Walsh, Cole"]
[WhiteElo "1478"]
[WhiteTeam "Wanstead Warriors 1"]
[Black "Gold, Jonah"]
[BlackElo "816"]
[BlackTeam "Muswell Hill Knights"]
[Result "1-0"]
[PlyCount "65"]

1. e4 e5 2. Nf3 Nc6 3. c3 Nf6 4. d4 exd4 5. e5 Ne4 6. Bd3 Ng5 7. Bxg5 f6 8. Bh4 d6 9. exf6 gxf6 10. Bb5 Bd7 11. Bxc6 bxc6 12. Qxd4 c5 13. Qf4 a5 14. Bxf6 Qxf6 15. Qxf6 Bg7 16. Qxg7 O-O-O 17. O-O Rhg8 18. Qxh7 Bg4 19. Nbd2 Rgf8 20. Rfe1 Bf5 21. Qh5 a4 22. Nc4 d5 23. Nce5 c4 24. Nc6 Rd6 25. Ne7+ Kd7 26. Nxf5 Rdf6 27. Qh7+ Kc6 28. Ne7+ Kd6 29. Nd4 R6f7 30. Qg6+ Rf6 31. Re6+ Rxe6 32. Qxe6+ Kc5 33. Qc6# 1-0

[Event "Junior Online 4NCL Division 4"]
[Site "online"]
[Date "2021.03.18"]
[EventDate "2021.03.18"]
[Round "5.35"]
[White "Korossy, Nandi"]
[WhiteElo "1610"]
[WhiteTeam "Wanstead Warriors 1"]
[Black "Qiu, Calvin"]
[BlackElo "1073"]
[BlackTeam "Muswell Hill Knights"]
[Result "0-1"]
[PlyCount "68"]

1. e4 e5 2. Nf3 Nc6 3. Bc4 Bc5 4. b4 Bxb4 5. c3 Ba5 6. d4 Nge7 7. O-O exd4 8. cxd4 d6 9. Qb3 O-O 10. Bg5 h6 11. Bh4 Bg4 12. Rd1 Bb6 13. Qd3 Bxf3 14. gxf3 Bxd4 15. Nc3 Bxc3 16. Qxc3 Ne5 17. Bb3 g5 18. Kh1 gxh4 19. Rg1+ N7g6 20. f4 Kh7 21. fxe5 dxe5 22. Rad1 Qe7 23. Qh3 Rad8 24. Rc1 c6 25. Qf5 Rd6 26. Rc3 Rf6 27. Qg4 Rxf2 28. Rd3 Rf4 29. Qe2 h3 30. Rxh3 Nh4 31. Qh5 Qf6 32. Rg4 Rxg4 33. Qxg4 Ng6 34. Qh5 Qf1# 0-1

[Event "Junior Online 4NCL Division 4"]
[Site "online"]
[Date "2021.03.18"]
[EventDate "2021.03.18"]
[Round "5.36"]
[White "Bedretdinov, Ruslan"]
[WhiteElo "1120"]
[WhiteTeam "Muswell Hill Knights"]
[Black "Demetriou, Jay"]
[BlackElo "1519"]
[BlackTeam "Wanstead Warriors 1"]
[Result "0-1"]
[PlyCount "54"]

1. e4 c6 2. Nf3 d5 3. exd5 cxd5 4. d4 Nf6 5. Bd3 Nc6 6. Nc3 Bg4 7. O-O Nxd4 8. Bb5+ Nxb5 9. Nxb5 e6 10. Qd3 Bc5 11. Ne5 Bf5 12. Qc3 Qb6 13. a4 Ne4 14. Qe1 O-O 15. Nd7 Qc6 16. Nxf8 Rxf8 17. Kh1 Qb6 18. Be3 a6 19. Bxc5 Qxc5 20. Na3 Rc8 21. c3 e5 22. f3 Nf6 23. Qxe5 Bg6 24. b4 Qxc3 25. Qxc3 Rxc3 26. Rfc1 d4 27. Nb1 Rxc1# 0-1

[Event "Junior Online 4NCL Division 4"]
[Site "online"]
[Date "2021.03.18"]
[EventDate "2021.03.18"]
[Round "5.37"]
[White "Bedi, Adarsh"]
[WhiteElo "1543"]
[WhiteTeam "Wanstead Warriors 1"]
[Black "Sawyer, Charlie"]
[BlackElo "941"]
[BlackTeam "Muswell Hill Knights"]
[Result "1-0"]
[PlyCount "83"]

1. e4 e5 2. Nf3 Nc6 3. Bb5 Bd6 4. Bxc6 dxc6 5. d4 Bg4 6. dxe5 Bxe5 7. Qxd8+ Rxd8 8. Bg5 f6 9. Bd2 Bxb2 10. Bc3 Bxa1 11. Bxa1 Nh6 12. h3 Be6 13. O-O f5 14. Bxg7 fxe4 15. Ng5 Rg8 16. Bxh6 Rg6 17. Nxe6 Rxe6 18. Bg5 Rd5 19. Nc3 Rxg5 20. Re1 Reg6 21. g3 Rc5 22. Rxe4+ Kf7 23. Rf4+ Rf6 24. Rxf6+ Kxf6 25. Ne4+ Ke5 26. Nxc5 Kd5 27. Nxb7 Ke6 28. Nc5+ Kd5 29. Nd3 Kd4 30. Kf1 Kc3 31. Ne1 Kd2 32. f4 Kc3 33. f5 Kb2 34. f6 Kxa2 35. f7 a5 36. f8=Q a4 37. Qf2 a3 38. c4+ Kb1 39. Qc2+ Ka1 40. Nd3 c5 41. Nxc5 c6 42. Nb3# 1-0

[Event "Junior Online 4NCL Division 4"]
[Site "online"]
[Date "2021.03.18"]
[EventDate "2021.03.18"]
[Round "5.38"]
[White "Gold, Jonah"]
[WhiteElo "816"]
[WhiteTeam "Muswell Hill Knights"]
[Black "Walsh, Cole"]
[BlackElo "1478"]
[BlackTeam "Wanstead Warriors 1"]
[Result "0-1"]
[PlyCount "30"]

1. e4 e5 2. Nf3 Nf6 3. Bc4 Nxe4 4. O-O Nc6 5. d3 Nf6 6. Ng5 d5 7. Bb5 Bd7 8. Bxc6 Bxc6 9. Nc3 Bc5 10. Be3 Bxe3 11. fxe3 O-O 12. a4 d4 13. exd4 exd4 14. Ne2 Qd5 15. b3 Qxg2# 0-1

[Event "Junior Online 4NCL Division 4"]
[Site "online"]
[Date "2021.03.18"]
[EventDate "2021.03.18"]
[Round "5.41"]
[White "Bhattacharya, Cali"]
[WhiteElo "1331"]
[WhiteTeam "Tetherdown Bishops"]
[Black "De Sousa Muachikape, Jael"]
[BlackElo "1620"]
[BlackTeam "Leeds Juniors 1"]
[Result "1-0"]
[PlyCount "75"]

1. e4 c5 2. Nf3 Nc6 3. Bc4 e6 4. Nc3 Nf6 5. d3 d5 6. exd5 exd5 7. Bb5 Be7 8. O-O O-O 9. h3 Qc7 10. Re1 Bd6 11. Bg5 d4 12. Bxf6 dxc3 13. Bxc3 Bf5 14. Qd2 Bf4 15. Qe2 h6 16. Nh4 Bd7 17. g3 Bg5 18. Nf3 Bxh3 19. Nxg5 hxg5 20. Qf3 Nd4 21. Bxd4 cxd4 22. Bc4 Qd7 23. Kh2 g4 24. Qf4 b5 25. Bb3 a5 26. a4 Ra6 27. axb5 Rh6 28. Kg1 Qxb5 29. Re4 Rf6 30. Re5 Qb7 31. Qe4 Qb4 32. Rh5 g6 33. Qe5 gxh5 34. Qg5+ Kh7 35. Qxf6 Qc5 36. Bxf7 Qd5 37. Qg6+ Kh8 38. Qh6# 1-0

[Event "Junior Online 4NCL Division 4"]
[Site "online"]
[Date "2021.03.18"]
[EventDate "2021.03.18"]
[Round "5.42"]
[White "Krishnan, Aditya"]
[WhiteElo "1365"]
[WhiteTeam "Leeds Juniors 1"]
[Black "Bedretdinov, Rasul"]
[BlackElo "1037"]
[BlackTeam "Tetherdown Bishops"]
[Result "1-0"]
[PlyCount "133"]

1. c4 e5 2. Nc3 Nf6 3. g3 d5 4. cxd5 Nxd5 5. Bg2 Nb6 6. d3 Nc6 7. Nf3 Be7 8. b3 Be6 9. Bb2 O-O 10. O-O Qd7 11. Rc1 h6 12. Ne4 f5 13. Nc5 Bxc5 14. Rxc5 e4 15. dxe4 Qxd1 16. Rxd1 fxe4 17. Nd4 Bd5 18. Nxc6 Bxc6 19. Ba3 Rfe8 20. Rc2 a5 21. Bc5 Nd7 22. Be3 a4 23. Rxc6 bxc6 24. Rxd7 axb3 25. axb3 Ra1+ 26. Bf1 Rc8 27. b4 Rb1 28. Bc5 Kh7 29. Re7 Rd1 30. Rxe4 Ra8 31. Kg2 Raa1 32. e3 Rxf1 33. Re7 Rg1+ 34. Kf3 Rh1 35. h4 Rh2 36. Rxc7 Ra2 37. e4 Ra6 38. Bd4 Kg8 39. Rxg7+ Kf8 40. Rh7 Ra3+ 41. Be3 Kg8 42. Rb7 Rh1 43. Kg4 Rha1 44. Bxh6 Ra7 45. Rxa7 Rxa7 46. Bd2 Rb7 47. f4 Kf7 48. e5 Ke6 49. h5 Rg7+ 50. Kf3 Kf5 51. Bc3 Rh7 52. g4+ Ke6 53. f5+ Kd5 54. Kf4 Ra7 55. e6 Rc7 56. g5 c5 57. bxc5 Kxc5 58. Ke5 Kb6 59. Bd4+ Kb7 60. f6 Rc2 61. e7 Re2+ 62. Kd6 Kc8 63. f7 Rf2 64. e8=Q+ Kb7 65. Qc6+ Kb8 66. Qc7+ Ka8 67. Qc8# 1-0

[Event "Junior Online 4NCL Division 4"]
[Site "online"]
[Date "2021.03.18"]
[EventDate "2021.03.18"]
[Round "5.43"]
[White "Leustean, Maia"]
[WhiteElo "1059"]
[WhiteTeam "Tetherdown Bishops"]
[Black "Sasikumar, Navaneeth"]
[BlackElo "1313"]
[BlackTeam "Leeds Juniors 1"]
[Result "0-1"]
[PlyCount "94"]

1. c4 g6 2. Nc3 Bg7 3. g3 Nf6 4. Bg2 d6 5. d3 Nbd7 6. e4 c5 7. Nge2 Rb8 8. O-O O-O 9. d4 b6 10. dxc5 Nxc5 11. b4 Ncxe4 12. Nxe4 Nxe4 13. Bxe4 Bxa1 14. Bh6 Bg7 15. Bxg7 Kxg7 16. Qd4+ Kg8 17. c5 dxc5 18. bxc5 Qxd4 19. Nxd4 bxc5 20. Nc6 Rb6 21. Nxa7 Bf5 22. Bxf5 gxf5 23. Rd1 Ra8 24. Rd7 Rd6 25. Rxe7 Kf8 26. Rb7 c4 27. Nb5 Rc6 28. Nd4 Rc5 29. Rb2 c3 30. Rc2 Rb8 31. Nb3 Rc7 32. Nd4 Rb2 33. Kg2 Rxc2 34. Nxc2 Rb7 35. Kf1 Rb2 36. Nd4 c2 37. Nxc2 Rxc2 38. a4 Ra2 39. Kg2 Rxa4 40. h3 Ke7 41. g4 fxg4 42. hxg4 Rxg4+ 43. Kh3 Rg6 44. f4 Kf6 45. Kh4 Kf5 46. Kh5 Kxf4 47. Kh4 Rh6# 0-1

[Event "Junior Online 4NCL Division 4"]
[Site "online"]
[Date "2021.03.18"]
[EventDate "2021.03.18"]
[Round "5.44"]
[White "Rowe, Angelica"]
[WhiteElo "1350"]
[WhiteTeam "Leeds Juniors 1"]
[Black "Kirk, Alex"]
[BlackElo "1078"]
[BlackTeam "Tetherdown Bishops"]
[Result "1-0"]
[PlyCount "97"]

1. e4 e5 2. Bc4 Nc6 3. d3 Bc5 4. Ne2 d6 5. O-O Nf6 6. Be3 Bxe3 7. fxe3 Bg4 8. Nbc3 Qe7 9. Qe1 O-O-O 10. Nd5 Nxd5 11. Bxd5 Qg5 12. Nc3 Bh3 13. Rf2 Nb4 14. Nb5 Nxd5 15. exd5 Kb8 16. Qa5 a6 17. Qxc7+ Ka8 18. Nxd6 Rxd6 19. Qxd6 Rc8 20. Qb6 Re8 21. a4 e4 22. dxe4 Rxe4 23. Re1 Rg4 24. Ree2 Rxa4 25. Re1 Rg4 26. Ree2 f6 27. d6 Qd5 28. Rd2 Qa2 29. Rf1 Qe6 30. d7 Rxg2+ 31. Kh1 Rg1+ 32. Rxg1 Qxb6 33. d8=Q+ Qxd8 34. Rxd8+ Ka7 35. Rxg7 a5 36. Rxh7 f5 37. Rxh3 b5 38. Rh5 a4 39. Rxf5 Ka6 40. c3 Ka5 41. Rf6 b4 42. Ra8+ Kb5 43. cxb4 Kxb4 44. Rf4+ Kb3 45. Rfxa4 Kxb2 46. Rc8 Kb3 47. Ra7 Kb2 48. Rb7+ Ka3 49. Ra8# 1-0

[Event "Junior Online 4NCL Division 4"]
[Site "online"]
[Date "2021.03.18"]
[EventDate "2021.03.18"]
[Round "5.45"]
[White "De Sousa Muachikape, Jael"]
[WhiteElo "1620"]
[WhiteTeam "Leeds Juniors 1"]
[Black "Bhattacharya, Cali"]
[BlackElo "1331"]
[BlackTeam "Tetherdown Bishops"]
[Result "1-0"]
[PlyCount "91"]

1. d4 d5 2. Nf3 Bf5 3. Bf4 e6 4. e3 Nc6 5. a3 Bd6 6. Bg3 Nf6 7. c4 O-O 8. Nc3 Re8 9. Be2 h6 10. O-O Bg6 11. Ne5 Bxe5 12. dxe5 Nd7 13. cxd5 Ncxe5 14. dxe6 fxe6 15. h3 Nc6 16. Bc4 Nde5 17. Bb5 Re7 18. Bh4 Qxd1 19. Rfxd1 Rf7 20. f4 Nd7 21. Bxc6 bxc6 22. b4 Nb6 23. Rd4 Nd5 24. Nxd5 cxd5 25. Rc1 a5 26. b5 Rb8 27. a4 Be4 28. Rc6 Rb6 29. Rc1 Rb8 30. Rc6 Rb6 31. Be1 Rxc6 32. bxc6 Rf6 33. Bxa5 Rg6 34. Rd2 Rf6 35. Bxc7 Rf7 36. Be5 Rf8 37. c7 Rc8 38. Rb2 Kf7 39. Rb8 Rxc7 40. Bxc7 Bc2 41. a5 Ba4 42. Rb6 Ke7 43. Be5 Kd7 44. a6 g6 45. a7 Bc6 46. Rxc6 1-0

[Event "Junior Online 4NCL Division 4"]
[Site "online"]
[Date "2021.03.18"]
[EventDate "2021.03.18"]
[Round "5.46"]
[White "Bedretdinov, Rasul"]
[WhiteElo "1037"]
[WhiteTeam "Tetherdown Bishops"]
[Black "Krishnan, Aditya"]
[BlackElo "1365"]
[BlackTeam "Leeds Juniors 1"]
[Result "1-0"]
[PlyCount "50"]

1. e4 c5 2. Nf3 d6 3. d4 cxd4 4. Nxd4 Nf6 5. Nc3 g6 6. Be3 Bg7 7. Qd2 O-O 8. f3 h5 9. h4 Nc6 10. O-O-O a6 11. g4 hxg4 12. fxg4 Nxg4 13. h5 Nxe3 14. Qxe3 Nxd4 15. Rxd4 Bxd4 16. Qxd4 e5 17. Qg1 Qf6 18. Nd5 Qe6 19. hxg6 fxg6 20. Bc4 Kg7 21. Ne3 Qd7 22. Qh2 Kf6 23. Rf1+ Ke7 24. Qh7+ Kd8 25. Rxf8+ Kc7 1-0

[Event "Junior Online 4NCL Division 4"]
[Site "online"]
[Date "2021.03.18"]
[EventDate "2021.03.18"]
[Round "5.47"]
[White "Sasikumar, Navaneeth"]
[WhiteElo "1313"]
[WhiteTeam "Leeds Juniors 1"]
[Black "Leustean, Maia"]
[BlackElo "1059"]
[BlackTeam "Tetherdown Bishops"]
[Result "1-0"]
[PlyCount "29"]

1. d4 d5 2. Bf4 Nc6 3. Nf3 Nf6 4. e3 Bf5 5. Bd3 Bxd3 6. Qxd3 Nb4 7. Qb5+ c6 8. Qxb4 e5 9. Qxb7 exf4 10. Qxc6+ Nd7 11. Ne5 Rc8 12. Qxd5 Rxc2 13. O-O fxe3 14. fxe3 Be7 15. Qxf7# 1-0

[Event "Junior Online 4NCL Division 4"]
[Site "online"]
[Date "2021.03.18"]
[EventDate "2021.03.18"]
[Round "5.48"]
[White "Kirk, Alex"]
[WhiteElo "1078"]
[WhiteTeam "Tetherdown Bishops"]
[Black "Rowe, Angelica"]
[BlackElo "1350"]
[BlackTeam "Leeds Juniors 1"]
[Result "0-1"]
[PlyCount "68"]

1. e4 e5 2. Nf3 Nc6 3. Nc3 Bc5 4. Bc4 d6 5. d3 Nd4 6. Nxd4 Bxd4 7. O-O Ne7 8. Qf3 O-O 9. Bg5 Qe8 10. Nd5 Nxd5 11. Bxd5 Be6 12. c3 Bb6 13. Qg3 f6 14. Bh6 Rf7 15. Bxb7 Rb8 16. Bd5 Bxd5 17. exd5 c6 18. dxc6 Qxc6 19. Rfe1 f5 20. d4 Rbf8 21. dxe5 dxe5 22. Rxe5 Qxh6 23. Rae1 Qd2 24. Re8 Rxe8 25. Rxe8+ Rf8 26. Rxf8+ Kxf8 27. Qb8+ Bd8 28. h3 Qd7 29. c4 Kg8 30. b4 h6 31. c5 Kh7 32. c6 Qe7 33. b5 Bc7 34. Qxa7 Qe1# 0-1

[Event "Junior Online 4NCL Division 4"]
[Site "online"]
[Date "2021.03.18"]
[EventDate "2021.03.18"]
[Round "5.51"]
[White "Spitz, Danny"]
[WhiteElo "1107"]
[WhiteTeam "Coldfall Bishops"]
[Black "Catabay, Asci-Khela"]
[BlackElo "1375"]
[BlackTeam "Colchester Juniors B"]
[Result "1-0"]
[PlyCount "55"]

1. e4 e5 2. Nf3 Nc6 3. Bb5 a6 4. Ba4 b5 5. Bb3 Nf6 6. Nc3 Bc5 7. O-O O-O 8. d3 Bb7 9. Bg5 h6 10. Bh4 Nd4 11. Nxe5 Nxb3 12. axb3 Be7 13. Re1 d5 14. exd5 Nxd5 15. Bxe7 Nxe7 16. Qe2 Re8 17. Qh5 Ng6 18. Nxg6 Rxe1+ 19. Rxe1 fxg6 20. Qxg6 Bc6 21. Qxc6 Kh7 22. h3 a5 23. Nxb5 Rc8 24. Qe4+ Kh8 25. Qe7 Qxe7 26. Rxe7 c6 27. Nd6 Kh7 28. Nxc8 1-0

[Event "Junior Online 4NCL Division 4"]
[Site "online"]
[Date "2021.03.18"]
[EventDate "2021.03.18"]
[Round "5.52"]
[White "Beer, James"]
[WhiteElo "1275"]
[WhiteTeam "Colchester Juniors B"]
[Black "Haga, Xander"]
[BlackElo "1063"]
[BlackTeam "Coldfall Bishops"]
[Result "1-0"]
[PlyCount "97"]

1. e4 e5 2. Nf3 Nc6 3. Bc4 Bc5 4. Nc3 Nf6 5. d3 h6 6. Be3 Bb6 7. d4 exd4 8. Nxd4 Nxd4 9. Bxd4 Bxd4 10. Qxd4 O-O 11. O-O-O Nh7 12. Qe5 d6 13. Qg3 Qg5+ 14. Qxg5 Nxg5 15. Rd5 Be6 16. Rd4 Rfd8 17. Bxe6 fxe6 18. f4 Nf7 19. Rhd1 c5 20. R4d3 e5 21. fxe5 Nxe5 22. Rxd6 Rxd6 23. Rxd6 Nc4 24. Rd7 b6 25. b3 Ne5 26. Rd5 Ng6 27. e5 Nf4 28. Rd2 Re8 29. g3 Ng6 30. Nb5 a6 31. Nc7 Rxe5 32. Nxa6 Ne7 33. b4 cxb4 34. Nxb4 Ra5 35. Rd8+ Kf7 36. Rd7 Ke6 37. Rb7 Rb5 38. Nd3 Nf5 39. c4 Rc5 40. Rxb6+ Nd6 41. Nxc5+ Ke5 42. Nd3+ Ke6 43. c5 Kd5 44. Rxd6+ Kc4 45. c6 Kb5 46. c7 Ka4 47. c8=Q Ka3 48. Rb6 Kxa2 49. Qa8# 1-0